000 01076nam a22002537a 4500
005 20170809141705.0
010 _a1516EN07 ENG-114875
020 _a9780670088126
_c699.00
035 _aEN-98407
035 _aB-605876-885
035 _aB-664985
037 _adpl
_bBlueberry/Ven
037 _bDBAD/PUB
082 _a338.9
100 _aBahl, Raghav
245 _aSuper economies:
_cby Raghav Bahl
_bAmerica, India, China & the future of the world /
260 _bPenguin Books
_c2015
_aGurgaon
270 _a7th Floor, Infinity Tower C, DLF Cyber City
_bGurgaon
_e122002
300 _axxi,392p.
_c24cm(Hb)
500 _aIncludes bibliographical references and index
942 _2ddc
_cEN
_mBAH
_h338.9
999 _c95874
_d95874